Countries With The Most Neighbors By Population - Statistics

General Stats
  • This quiz has been taken 339 times
  • The average score is 20 of 24
Answer Stats
Country Neighbours pop % Correct
India 1,866,258,835
94%
China 2,001,399,448
93%
Nepal 2,752,521,114
93%
Pakistan 2,866,016,862
93%
Russia 1,562,080,713
93%
Bangladesh 1,411,752,345
90%
Mexico 349,971,678
90%
Mongolia 1,540,828,842
90%
Bhutan 2,752,521,114
89%
Vietnam 1,416,631,701
88%
Kazakhstan 1,588,220,657
87%
Afghanistan 1,738,860,966
86%
Burma 3,002,163,710
86%
North Korea 1,592,654,901
86%
Laos 1,628,003,494
85%
Canada 331,883,986
82%
Iran 385,883,062
82%
Kyrgyzstan 1,454,138,089
81%
Tajikistan 1,464,598,180
79%
Malaysia 337,963,767
75%
Niger 330,205,344
75%
France 421,784,683
66%
South Sudan 328,944,605
42%
Azerbaijan 313,089,182
39%
No matching quizzes found
Score Distribution
Percent of People with Each Score
Percentile by Number Answered
Your Score History
You have not taken this quiz